Statistics for 14 Extra Elements

Click here to take the quiz!

General Stats

  • This quiz has been taken 6 times
  • The average score is 13 of 14

Answer Stats

HintAnswer% Correct
BiBismuth
100%
FrFrancium
100%
AuGold
100%
HgMercury
100%
PuPlutonium
100%
PoPolonium
100%
RaRadium
100%
WTungsten
100%
UUranium
100%
AtAstatine
80%
PbLead
80%
PtPlatinum
80%
RnRadon
80%
TlThallium
60%

Score Distribution

Percentile by Number Answered

Percent of People with Each Score

Your Score History

You have not taken this quiz